Football by Letter - A - Statistics

General Stats
  • This quiz has been taken 118 times
    97 since last reset
  • The average score is 15 of 20
Answer Stats
Hint Answer % Correct
World Cup Winner 2022 Argentina
98%
Record champions of the Eredivisie Ajax Amsterdam
95%
Liverpool's historic stadium Anfield
95%
The Invincibles FC Arsenal
92%
FC Bayern Munich's home ground Allianz Arena
90%
AFCON winner in 2019 Algeria
89%
Liverpool goalkeeper who scored a header goal in the Premier League Alisson Becker
89%
Lost the Champions League final in 2014 and 2016 Atletico Madrid
86%
Gabon's record goalscorer Pierre-Emerick Aubameyang
84%
Manchester City's record goalscorer Sergio Aguero
84%
The coach with the most Champions League titles Carlo Ancelotti
83%
He won the Bundesliga as coach of Bayer Leverkusen Xabi Alonso
82%
Has won the Scottish league four times Aberdeen
79%
Country that made its European Championship debut in 2016 Albania
77%
Team from Kazakhstan that played in the Champions League in 2015/2016 FC Astana
66%
German Bundesliga team that has never been relegated FC Augsburg
63%
Austria's record national team player Marko Arnautovic
60%
Has played for PSG, Arsenal, Real Madrid, Liverpool, Manchester City, Chelsea, Juventus and other clubs Nicolas Anelka
60%
European Cup winner 1982 Aston Villa
43%
African Footballer of the year in 2008 Emmanuel Adebayor
21%
No matching quizzes found
Score Distribution
Percent of People with Each Score
Percentile by Number Answered
Your Score History
You have not taken this quiz since the last reset